Phân tích và thiết kế hệ thống thông tin
Sách tổng quan về phân tích thiết kế hệ thống, khảo sát và hoạch định hệ thống, phân tích hệ thống, và thiết kế hệ thống theo đối tượng.
Salvato in:
| Autore principale: | |
|---|---|
| Altri autori: | , , |
| Natura: | Libro |
| Lingua: | Vietnamese |
| Pubblicazione: |
Tp. Hồ Chí Minh
Đại học Quốc gia TP. Hồ Chí Minh
2018
|
| Soggetti: | |
| Tags: |
Aggiungi Tag
Nessun Tag, puoi essere il primo ad aggiungerne! !
|
| Thư viện lưu trữ: | Thư viện Trường Đại học Nam Cần Thơ |
|---|
| LEADER | 01250nam a22002297a 4500 | ||
|---|---|---|---|
| 001 | NCT_57335 | ||
| 008 | 190112b xxu||||| |||| 00| 0 vie d | ||
| 999 | |c 2770 |d 2770 | ||
| 020 | |a 9786047357321 |c 100000 | ||
| 082 | 0 | 4 | |2 23rd ed. |a 004.21 |b V561 |
| 100 | 1 | |a Ngô Minh Vương |e Chủ biên | |
| 245 | 1 | 0 | |a Phân tích và thiết kế hệ thống thông tin |c Ngô Minh Vương (chủ biên) ; Nguyễn Thị Thanh Sang, Nguyễn Thành Sơn, Dương Thị Thùy Vân |
| 260 | |a Tp. Hồ Chí Minh |b Đại học Quốc gia TP. Hồ Chí Minh |c 2018 | ||
| 300 | |a 257 tr. |c 24cm | ||
| 520 | 3 | |a Sách tổng quan về phân tích thiết kế hệ thống, khảo sát và hoạch định hệ thống, phân tích hệ thống, và thiết kế hệ thống theo đối tượng. | |
| 653 | |a Quản trị kinh doanh | ||
| 700 | 1 | |a Nguyễn Thị Thanh Sang | |
| 700 | 1 | |a Nguyễn Thành Sơn | |
| 700 | 1 | |a Dương Thị Thùy Vân | |
| 942 | |2 ddc |c BK | ||
| 952 | |0 0 |1 0 |2 ddc |4 0 |6 004_210000000000000_V561 |7 0 |9 15197 |a 000001 |b 000001 |d 2019-01-12 |o 004.21 V561 |p MD.14100 |r 2019-01-12 |v 100000.00 |w 2019-01-12 |y BK | ||
| 980 | |a Thư viện Trường Đại học Nam Cần Thơ | ||


